AYURVEDIYA PACHAN TANTRA CHIKITSHA SIDHANT (Record no. 11415)

MARC details
000 -LEADER
fixed length control field 00339nam a22001457a 4500
003 - CONTROL NUMBER IDENTIFIER
control field SGT
020 ## - INTERNATIONAL STANDARD BOOK NUMBER
International Standard Book Number 978-93-81608-70-8
082 ## - DEWEY DECIMAL CLASSIFICATION NUMBER
Classification number 612
Item number A15S
100 ## - MAIN ENTRY--PERSONAL NAME
Personal name SHIGHAL, PRGYA
245 ## - TITLE STATEMENT
Title AYURVEDIYA PACHAN TANTRA CHIKITSHA SIDHANT
260 ## - PUBLICATION, DISTRIBUTION, ETC. (IMPRINT)
Place of publication, distribution, etc NEW DELHI
Name of publisher, distributor, etc CHAUKHAMBHA PUB
Year of Publication 2015
300 ## - PAGE DESCRIPTION
No. of Pages 148
650 ## - SUBJECT ADDED ENTRY--TOPICAL TERM
Topical term or geographic name as entry element AYURVEDA
942 ## - ADDED ENTRY ELEMENTS (KOHA)
Source of classification or shelving scheme Dewey Decimal Classification
Koha item type Books
Holdings
Withdrawn status Lost status Source of classification or shelving scheme Damaged status Not for loan Collection code Home library Current library Shelving location Date acquired Vendor Name Cost, normal purchase price SGTU Bill Number Total Checkouts Full call number Accession No. (Barcode) Date last seen Bill Date Koha item type
    Dewey Decimal Classification     AYURVEDA SGT FA-FP Library SGT FA-FP Library Text Book 30/03/2017 CHAUKHAMBHA PUB 125.00 SGTU CP/B/949   612 A15S FA6211 30/03/2017 09/02/2017 Books
    Dewey Decimal Classification     AYURVEDA SGT FA-FP Library SGT FA-FP Library Text Book 30/03/2017 CHAUKHAMBHA PUB 125.00 SGTU CP/B/949   612 A15S FA6212 30/03/2017 09/02/2017 Books
    Dewey Decimal Classification     AYURVEDA SGT FA-FP Library SGT FA-FP Library Text Book 30/03/2017 CHAUKHAMBHA PUB 125.00 SGTU CP/B/949   612 A15S FA6213 30/03/2017 09/02/2017 Books
    Dewey Decimal Classification     AYURVEDA SGT FA-FP Library SGT FA-FP Library Text Book 30/03/2017 CHAUKHAMBHA PUB 125.00 SGTU CP/B/949   612 A15S FA6214 30/03/2017 09/02/2017 Books
    Dewey Decimal Classification     AYURVEDA SGT FA-FP Library SGT FA-FP Library Text Book 30/03/2017 CHAUKHAMBHA PUB 125.00 SGTU CP/B/949   612 A15S FA6215 30/03/2017 09/02/2017 Books